[Event "Magyar korcsoporos bajnokság 10 fiú"]
[Site "Szolnok"]
[Date "2024.04.05"]
[Round "7.2"]
[White "Golya, David"]
[Black "Laszlo, Botond"]
[Result "1-0"]
[WhiteElo "1628"]
[BlackElo "1477"]
[PlyCount "113"]
[EventDate "2024.04.01"]
[EventType "swiss"]
[EventRounds "9"]
[EventCountry "HUN"]

1. e4 c5 2. Nf3 e6 3. d4 cxd4 4. Nxd4 Nf6 5. Nc3 Bb4 6. Bd3 h6 7. O-O O-O 8.
Bf4 d6 9. Bg3 Nc6 10. Nxc6 bxc6 11. a3 Bc5 12. Qe2 d5 13. e5 Nd7 14. Qg4 Qg5
15. Qxg5 hxg5 16. Ne2 f6 17. exf6 gxf6 18. b4 Be7 19. Nd4 Nb8 20. Bxb8 Rxb8 21.
Nxc6 Rb7 22. Ba6 Rc7 23. Bxc8 Rfxc8 24. b5 Bd6 25. Rfe1 e5 26. a4 Ra8 27. Rad1
d4 28. c3 a6 29. cxd4 axb5 30. axb5 exd4 31. Rxd4 Bc5 32. Rd5 Bf8 33. h3 Ra2
34. Re6 Kg7 35. b6 Rb7 36. Nd8 Rb8 37. b7 Ra1+ 38. Kh2 Bc5 39. Rd7+ Kg6 40. Nc6
Ba7 41. Nxb8 Bxb8+ 42. g3 g4 43. hxg4 Kg5 44. Rg7+ Kh6 45. Rg8 Kh7 46. Ree8 f5
47. Rh8+ Kg7 48. Rxb8 fxg4 49. Rbg8+ Kf6 50. b8=Q Rh1+ 51. Kxh1 Ke6 52. Rh6+
Kd5 53. Qd6+ Ke4 54. Rxg4+ Kf3 55. Rf4+ Ke2 56. Re6+ Kf1 57. Qd1# 1-0

[Event "Magyar korcsoporos bajnokság 12 fiú"]
[Site "Szolnok"]
[Date "2024.04.02"]
[Round "2.2"]
[White "Pergel, Bence"]
[Black "Papai, Mate"]
[Result "0-1"]
[WhiteElo "1734"]
[BlackElo "1966"]
[PlyCount "120"]
[EventDate "2024.04.01"]
[EventType "swiss"]
[EventRounds "9"]
[EventCountry "HUN"]

1. Nf3 d5 2. d4 Nf6 3. c4 c6 4. Nc3 e6 5. Bg5 Nbd7 6. cxd5 exd5 7. e3 Be7 8.
Bd3 O-O 9. Qc2 h6 10. Bh4 b5 11. a3 a5 12. O-O Bb7 13. Rac1 Re8 14. Rfe1 Ra7
15. Bg3 Qa8 16. Ne5 Nxe5 17. Bxe5 Nd7 18. Bxb5 Nxe5 19. dxe5 Qb8 20. Ba4 Qxe5
21. Ne2 Rc8 22. Qc3 Qd6 23. Nd4 Bf6 24. Qc5 Qxc5 25. Rxc5 Bxd4 26. exd4 Kf8 27.
Rec1 Ra6 28. Bb3 Re8 29. Ba4 Re6 30. f3 Ke7 31. Bb3 Rb6 32. Bc2 Rxb2 33. Rxa5
Re2 34. Ra7 Kd6 35. Kf1 Rd2 36. a4 Bc8 37. Rxf7 Rdxc2 38. Rxc2 Rxc2 39. Rxg7
Rc4 40. Rg6+ Kc7 41. Rxh6 Rxd4 42. Rh7+ Kb6 43. Rh8 Ba6+ 44. Kf2 Rd2+ 45. Kg1
d4 46. g4 Rd1+ 47. Kg2 d3 48. g5 d2 49. Rd8 Kc7 50. Rd4 c5 51. Rd5 Bc4 52.
Rxc5+ Kb6 53. Rxc4 Rg1+ 54. Kxg1 d1=Q+ 55. Kf2 Qd2+ 56. Kg3 Qe1+ 57. Kg4 Qe6+
58. Kh5 Qxc4 59. g6 Kc7 60. g7 Kd7 0-1

[Event "Magyar korcsoporos bajnokság 12 fiú"]
[Site "Szolnok"]
[Date "2024.04.05"]
[Round "7.1"]
[White "Papai, Mate"]
[Black "Hegedus, Bernat"]
[Result "1/2-1/2"]
[WhiteElo "1966"]
[BlackElo "1778"]
[PlyCount "72"]
[EventDate "2024.04.01"]
[EventType "swiss"]
[EventRounds "9"]
[EventCountry "HUN"]

1. d4 d5 2. c4 e6 3. Nc3 c6 4. Nf3 Nf6 5. cxd5 exd5 6. Bg5 h6 7. Bh4 Bf5 8. e3
Qb6 9. Qc1 Nbd7 10. Bxf6 Nxf6 11. Ne5 Bd6 12. Bd3 Bxd3 13. Nxd3 Ne4 14. O-O O-O
15. Nxe4 dxe4 16. Nc5 Bxc5 17. dxc5 Qb4 18. Rd1 Rad8 19. Qc2 Rd5 20. Rxd5 cxd5
21. a3 Qb5 22. b4 Rc8 23. Rd1 a5 24. Qc3 b6 25. Rxd5 bxc5 26. Rxc5 Rxc5 27.
Qxc5 Qxc5 28. bxc5 Kf8 29. Kf1 Ke7 30. Ke2 Kd7 31. Kd2 Kc6 32. Kc3 Kxc5 33. a4
f5 34. g3 g5 35. h4 Kd5 36. h5 Kc5 1/2-1/2

[Event "Magyar korcsoporos bajnokság 12 fiú"]
[Site "Szolnok"]
[Date "2024.04.05"]
[Round "8.3"]
[White "Meszaros-Csonka, David"]
[Black "Pergel, Bence"]
[Result "1/2-1/2"]
[WhiteElo "1963"]
[BlackElo "1734"]
[PlyCount "145"]
[EventDate "2024.04.01"]
[EventType "swiss"]
[EventRounds "9"]
[EventCountry "HUN"]

1. d4 d5 2. Bf4 Nf6 3. e3 e6 4. Nd2 Be7 5. Bd3 O-O 6. Ngf3 c5 7. c3 Nbd7 8. Ne5
Nxe5 9. Bxe5 Bd6 10. Qf3 cxd4 11. exd4 Bxe5 12. dxe5 Nd7 13. Qe3 f6 14. Qh3
Nxe5 15. Bxh7+ Kf7 16. f4 Nc6 17. Qh5+ Ke7 18. Qg6 Rf7 19. O-O-O Bd7 20. Nf3
Qc7 21. Qg3 Rc8 22. Bg6 Rff8 23. Rhe1 Qa5 24. Kb1 Qc5 25. Be4 Rcd8 26. Bxd5 Bc8
27. Bb3 Rxd1+ 28. Rxd1 Rg8 29. Ka1 Na5 30. Nd4 Nxb3+ 31. axb3 g5 32. Qh3 Kf7
33. Qh5+ Rg6 34. Nf3 Qa5+ 35. Kb1 Qf5+ 36. Ka1 Qa5+ 37. Kb1 Qf5+ 38. Kc1 Qxf4+
39. Rd2 e5 40. g3 Qe4 41. Qh7+ Ke6 42. Qh8 Qc6 43. Qh7 Qe8 44. Nd4+ Kd5 45.
Nf5+ Ke6 46. Ng7+ Rxg7 47. Qxg7 Qc6 48. Qg8+ Kf5 49. Rf2+ Kg4 50. Qd8 Qh1+ 51.
Kd2 Bf5 52. Qd6 Qe4 53. Qb4 Qxb4 54. cxb4 Be6 55. Rxf6 Bxb3 56. Ke3 Bd5 57. Rd6
Bc6 58. b5 Bxb5 59. Ke4 Bc6+ 60. Kxe5 a5 61. Rg6 a4 62. Kf6 Kh3 63. Kxg5 Kxh2
64. Kf4 Be8 65. Rh6+ Kg2 66. Rb6 Bc6 67. Rxc6 bxc6 68. g4 c5 69. g5 c4 70. g6
c3 71. bxc3 a3 72. g7 a2 73. g8=Q+ 1/2-1/2

[Event "Magyar korcsoporos bajnokság 12 fiú"]
[Site "Szolnok"]
[Date "2024.04.06"]
[Round "9.2"]
[White "Papai, Mate"]
[Black "Hegedus, Zsombor"]
[Result "1-0"]
[WhiteElo "1966"]
[BlackElo "1759"]
[PlyCount "113"]
[EventDate "2024.04.01"]
[EventType "swiss"]
[EventRounds "9"]
[EventCountry "HUN"]

1. d4 Nf6 2. c4 c5 3. d5 b5 4. cxb5 a6 5. bxa6 g6 6. Nc3 Bg7 7. e4 O-O 8. Nf3
Qa5 9. a7 Rxa7 10. Bd2 Qb6 11. Qc2 d6 12. Be2 Bd7 13. O-O Na6 14. a3 Rfa8 15.
Rab1 Rb7 16. h3 Ne8 17. Rfe1 Nec7 18. Bf1 Rab8 19. b3 Nb5 20. Bxb5 Bxb5 21.
Nxb5 Qxb5 22. Bc3 Nc7 23. Nd2 Bh6 24. Nc4 f6 25. a4 Qd7 26. Na5 Rb6 27. Nc6 Ra8
28. b4 cxb4 29. Rxb4 Rxb4 30. Bxb4 Na6 31. Bc3 Nc5 32. a5 Bf4 33. Bd4 Na6 34.
Rb1 Be5 35. Be3 g5 36. Qc4 g4 37. Nxe5 fxe5 38. Qc6 Qd8 39. Bb6 Qf8 40. hxg4
Kg7 41. Be3 Qd8 42. Rb7 Kf6 43. g5+ Kg6 44. Rxe7 Qxe7 45. Qxa8 Nc5 46. Qg8+ Kh5
47. Bxc5 dxc5 48. Qe6 Qxg5 49. Qh3+ Kg6 50. Qg3 c4 51. Qxg5+ Kxg5 52. d6 Kf6
53. d7 Ke7 54. a6 c3 55. a7 c2 56. d8=Q+ Ke6 57. Qc8+ 1-0

[Event "Magyar korcsoporos bajnokság 12 lány"]
[Site "Szolnok"]
[Date "2024.04.03"]
[Round "4.1"]
[White "Hangyal, Anna"]
[Black "Illes-Nagy, Nora"]
[Result "1-0"]
[WhiteElo "1766"]
[BlackElo "1818"]
[PlyCount "161"]
[EventDate "2024.04.01"]
[EventType "swiss"]
[EventRounds "9"]
[EventCountry "HUN"]

1. e4 c5 2. Nf3 e6 3. d4 cxd4 4. Nxd4 Nc6 5. Nc3 Qc7 6. Qd3 a6 7. Nxc6 bxc6 8.
Qg3 Qxg3 9. hxg3 Rb8 10. b3 Bb4 11. Bd2 Ba3 12. Rd1 d5 13. g4 Nf6 14. g5 Nxe4
15. Nxe4 dxe4 16. Rh4 O-O 17. Rxe4 Be7 18. Bd3 f6 19. gxf6 Bxf6 20. Bc4 Re8 21.
Bf4 Ra8 22. Rd6 Kf7 23. Rxc6 Re7 24. Rd6 Bc3+ 25. Ke2 Bb4 26. Rd3 a5 27. Bg5
Re8 28. Bb5 Rf8 29. c3 Bc5 30. Re5 Be7 31. Rf3+ Bf6 32. Rc5 Ra7 33. Be3 Ba6 34.
Bxa6 Rxa6 35. Rc7+ Kg8 36. Bd4 Bxd4 37. cxd4 Rxf3 38. Kxf3 a4 39. Ke4 axb3 40.
axb3 Rb6 41. Ke5 Kf8 42. g3 Rxb3 43. Kxe6 Rb6+ 44. Ke5 h6 45. d5 Rb8 46. d6
Re8+ 47. Kf5 Rd8 48. d7 Kf7 49. f4 g6+ 50. Ke5 Ke7 51. Ra7 Rb8 52. Ra6 Kxd7 53.
Rxg6 h5 54. Rg7+ Kc6 55. f5 Re8+ 56. Kf4 Kd5 57. Kg5 Ke5 58. f6 Rf8 59. Re7+
Kd6 60. Kg6 Rg8+ 61. Rg7 Rf8 62. Kxh5 Ke6 63. Rg6 Kf5 64. g4+ Ke6 65. Kh6 Kf7
66. Kh7 Ra8 67. g5 Ra1 68. Rg7+ Kf8 69. f7 Rf1 70. Rg8+ Kxf7 71. g6+ Ke7 72.
Ra8 Rh1+ 73. Kg8 Kf6 74. g7 Ke7 75. Ra4 Re1 76. Rh4 Rg1 77. Kh7 Kf7 78. Rf4+
Ke7 79. g8=Q Rh1+ 80. Kg7 Rg1+ 81. Kh8 1-0

[Event "Magyar korcsoporos bajnokság 12 lány"]
[Site "Szolnok"]
[Date "2024.04.05"]
[Round "7.1"]
[White "Wang, Luomeng"]
[Black "Hangyal, Anna"]
[Result "0-1"]
[WhiteElo "1823"]
[BlackElo "1766"]
[PlyCount "114"]
[EventDate "2024.04.01"]
[EventType "swiss"]
[EventRounds "9"]
[EventCountry "HUN"]

1. d4 d5 2. c4 c6 3. Nf3 Nf6 4. g3 e6 5. Bg2 Bd6 6. O-O Nbd7 7. Qc2 O-O 8. Rd1
dxc4 9. Qxc4 Qc7 10. Qc2 Re8 11. e4 e5 12. Nc3 exd4 13. Nxd4 Bc5 14. Bf4 Ne5
15. Nf3 Nfg4 16. Rd2 Qe7 17. Nxe5 Nxe5 18. Na4 Bb4 19. Rd4 Ba5 20. b4 Bxb4 21.
Bxe5 Qxe5 22. Qb2 Bf8 23. Rad1 b5 24. Nc3 Ba6 25. Qb3 Qf6 26. Qc2 b4 27. Na4
Rad8 28. Rxd8 Rxd8 29. f4 c5 30. Kf2 Bb5 31. e5 Qe7 32. Bd5 Kh8 33. h4 c4 34.
Kf3 Rxd5 35. Rxd5 Qb7 36. Ke4 Bc6 37. Qxc4 Bxd5+ 38. Qxd5 Qc7 39. Kf3 h6 40.
Qa8 Kg8 41. Qe4 Qa5 42. Qc6 Qd8 43. Ke4 Qd2 44. Kf5 g6+ 45. Kg4 Qe2+ 46. Kh3
Qxa2 47. h5 Qe6+ 48. Qxe6 fxe6 49. g4 gxh5 50. gxh5 b3 51. Kg4 Ba3 52. f5 Kf7
53. f6 b2 54. Nc3 Bb4 55. Nb1 a5 56. Kf3 a4 57. Ke2 a3 0-1

[Event "Magyar korcsoporos bajnokság 12 lány"]
[Site "Szolnok"]
[Date "2024.04.05"]
[Round "7.2"]
[White "Illes-Nagy, Nora"]
[Black "Ferenczy, Nora"]
[Result "1-0"]
[WhiteElo "1818"]
[BlackElo "1721"]
[PlyCount "133"]
[EventDate "2024.04.01"]
[EventType "swiss"]
[EventRounds "9"]
[EventCountry "HUN"]

1. d4 d5 2. c4 c6 3. Nc3 Nf6 4. Nf3 e6 5. cxd5 exd5 6. Bg5 Be7 7. e3 Nbd7 8.
Qc2 O-O 9. Bd3 Re8 10. O-O Nf8 11. Rab1 a5 12. a3 Ng6 13. b4 axb4 14. axb4 Bd6
15. h3 h6 16. Bxf6 Qxf6 17. Nh2 Nh4 18. Ng4 Qg5 19. f4 Qe7 20. Nd1 h5 21. Ne5
Bxe5 22. dxe5 Qe6 23. Qe2 Qh6 24. Qc2 Qe6 25. b5 Nf5 26. bxc6 bxc6 27. Bxf5
Qxf5 28. Qxc6 Ba6 29. Ra1 Qd3 30. Nf2 Qc4 31. Rfc1 Qxc6 32. Rxc6 Bc4 33. Rxa8
Rxa8 34. e4 Ra1+ 35. Kh2 Ra2 36. Nd1 Rd2 37. Ne3 Ba2 38. Nxd5 Bb3 39. Rd6 Re2
40. Nc3 Re3 41. Rc6 Kh7 42. Rc7 Rd3 43. Kg1 Rd2 44. h4 Kh6 45. Kf1 Kh7 46. g3
Rc2 47. Nd5 Rxc7 48. Nxc7 Bc2 49. Kf2 Bxe4 50. e6 fxe6 51. Nxe6 Bd5 52. Ng5+
Kg6 53. Nf3 Bxf3 54. Kxf3 Kf5 55. Kf2 Kg4 56. Kg2 g6 57. Kf2 Kf5 58. Kf3 Kf6
59. g4 Ke6 60. gxh5 gxh5 61. Ke4 Kf6 62. f5 Kf7 63. Ke5 Ke7 64. f6+ Kf7 65. Kf5
Kf8 66. Kg6 Kg8 67. Kxh5 1-0

[Event "Magyar korcsoporos bajnokság 14 fiú"]
[Site "Szolnok"]
[Date "2024.04.06"]
[Round "9.3"]
[White "Kovacs, Kristof"]
[Black "Sinoros-Szabo, Daniel"]
[Result "1-0"]
[WhiteElo "1994"]
[BlackElo "1982"]
[PlyCount "93"]
[EventDate "2024.04.01"]
[EventType "swiss"]
[EventRounds "9"]
[EventCountry "HUN"]

1. e4 e5 2. Nf3 Nc6 3. Nc3 Nf6 4. Bb5 Bd6 5. a3 O-O 6. d3 Re8 7. g4 Nxg4 8. Rg1
Nf6 9. Bg5 Bf8 10. Nd5 Be7 11. Nxe7+ Qxe7 12. Nh4 d6 13. Qd2 Kh8 14. O-O-O a6
15. Bc4 Be6 16. Rg3 Rg8 17. Rdg1 Nd4 18. Bxe6 Qxe6 19. Kb1 Nh5 20. R3g2 f6 21.
Be3 Qh3 22. Bxd4 Qxh4 23. Be3 Qh3 24. Rg4 g5 25. Qc3 Rg7 26. R1g2 Rag8 27. Qb3
b6 28. Qe6 Qf3 29. Ka2 Rf8 30. h4 h6 31. hxg5 hxg5 32. Rh2 Rh7 33. Rg1 Rg8 34.
Rh3 Qe2 35. Rgh1 Rf8 36. Qf5 Kg7 37. Bxg5 fxg5 38. Qxg5+ Kf7 39. Rxh5 Rxh5 40.
Rxh5 Ke6 41. Rh6+ Kd7 42. Qg7+ Kc6 43. Qxf8 Qxc2 44. Rxd6+ Kb7 45. Rd8 Kc6 46.
Qe8+ Kc5 47. Qxe5+ 1-0

[Event "Magyar korcsoporos bajnokság 14 lány"]
[Site "Szolnok"]
[Date "2024.04.02"]
[Round "2.1"]
[White "Kiss, Inez"]
[Black "Kincses, Emma"]
[Result "1-0"]
[WhiteElo "1896"]
[BlackElo "1659"]
[PlyCount "57"]
[EventDate "2024.04.01"]
[EventType "swiss"]
[EventRounds "7"]
[EventCountry "HUN"]

1. e4 c5 2. Nf3 g6 3. d4 cxd4 4. Qxd4 Nf6 5. Nc3 Nc6 6. Qa4 Bg7 7. e5 Ng8 8.
Bf4 Nh6 9. h3 O-O 10. O-O-O a6 11. g4 Kh8 12. Bd3 b5 13. Nxb5 Bb7 14. Nc3 f6
15. exf6 Rxf6 16. g5 e5 17. gxf6 Qxf6 18. Bxh6 Bxh6+ 19. Nd2 Bxd2+ 20. Rxd2 Nd4
21. Be4 Bxe4 22. Nxe4 Qf3 23. Re1 Qf4 24. Nc3 Rc8 25. Re4 Qf5 26. Rexd4 exd4
27. Qxd4+ Kg8 28. Qd5+ Qxd5 29. Rxd5 1-0

[Event "Magyar korcsoporos bajnokság 14 lány"]
[Site "Szolnok"]
[Date "2024.04.05"]
[Round "6.1"]
[White "Biro, Beata"]
[Black "Balazs, Szabina Zoe"]
[Result "1-0"]
[WhiteElo "1849"]
[BlackElo "1756"]
[PlyCount "97"]
[EventDate "2024.04.01"]
[EventType "swiss"]
[EventRounds "7"]
[EventCountry "HUN"]

1. e4 c5 2. Nc3 d6 3. d4 cxd4 4. Qxd4 Nc6 5. Qd2 g6 6. b3 Bg7 7. Bb2 Nf6 8.
O-O-O O-O 9. f3 Bd7 10. g4 Rc8 11. h4 Qa5 12. Kb1 Nb4 13. a3 Na6 14. Nge2 Qc7
15. h5 b5 16. e5 dxe5 17. g5 Nxh5 18. Qxd7 Rfd8 19. Qxc7 Rxd1+ 20. Nxd1 Nxc7
21. Bh3 Rd8 22. Ndc3 f6 23. Bg4 Nf4 24. Nxf4 exf4 25. Re1 Kf7 26. a4 f5 27. Bh3
bxa4 28. Nxa4 Bxb2 29. Kxb2 Ne6 30. Rg1 Rd2 31. Bf1 Rd1 32. Rh1 Kg7 33. Nc3 Re1
34. Bg2 Rxh1 35. Bxh1 Nxg5 36. Nb5 e5 37. c4 Kf6 38. c5 Ke7 39. Nxa7 Kd7 40. b4
e4 41. b5 Kc7 42. b6+ Kb7 43. fxe4 fxe4 44. Nb5 f3 45. Nd6+ Ka6 46. b7 Ka7 47.
c6 Kb8 48. Nc4 Nf7 49. Nb6 1-0

[Event "Magyar korcsoporos bajnokság 14 lány"]
[Site "Szolnok"]
[Date "2024.04.05"]
[Round "6.2"]
[White "Hangyal, Dora"]
[Black "Farkas, Sara"]
[Result "0-1"]
[WhiteElo "1708"]
[BlackElo "1693"]
[PlyCount "101"]
[EventDate "2024.04.01"]
[EventType "swiss"]
[EventRounds "7"]
[EventCountry "HUN"]

1. c4 c6 2. Nc3 d5 3. d4 dxc4 4. e3 b5 5. a4 b4 6. Ne4 Qd5 7. Ng3 Nf6 8. Qc2 e6
9. Nf3 Qd8 10. Bxc4 Bd6 11. e4 Bc7 12. Bg5 h6 13. Bh4 g5 14. Nxg5 hxg5 15. Bxg5
Bxg3 16. fxg3 Qxd4 17. Rd1 Qe5 18. Bxf6 Qxf6 19. Qd2 Qe7 20. Qd4 e5 21. Qf2 Be6
22. Bxe6 Qxe6 23. Qc5 Qe7 24. Rc1 Qxc5 25. Rxc5 Nd7 26. Rxc6 Ke7 27. Rc4 Rac8
28. Rxc8 Rxc8 29. Kd2 Nf6 30. Ke3 Rc4 31. b3 Rxe4+ 32. Kf3 Rd4 33. Re1 Rd3+ 34.
Re3 Rd5 35. g4 Ke6 36. g5 Nh7 37. h4 Rd4 38. g3 Kf5 39. g4+ Rxg4 40. Rxe5+ Kxe5
41. Kxg4 Nf8 42. h5 Ke4 43. Kg3 Kf5 44. g6 fxg6 45. hxg6 Nxg6 46. Kf3 Ke5 47.
Ke3 Kd5 48. Kd3 Ne5+ 49. Ke3 a5 50. Ke2 Kd4 51. Kd2 0-1

[Event "Magyar korcsoporos bajnokság 14 lány"]
[Site "Szolnok"]
[Date "2024.04.05"]
[Round "6.3"]
[White "Kiss, Inez"]
[Black "Balogh, Gerda"]
[Result "1-0"]
[WhiteElo "1896"]
[BlackElo "1775"]
[PlyCount "43"]
[EventDate "2024.04.01"]
[EventType "swiss"]
[EventRounds "7"]
[EventCountry "HUN"]

1. e4 e5 2. Nf3 Nc6 3. Bb5 a6 4. Ba4 Nf6 5. O-O Be7 6. d4 exd4 7. e5 Nd5 8. Bb3
Nb6 9. Nxd4 Nxe5 10. Re1 Ng6 11. Nf5 O-O 12. Nxe7+ Nxe7 13. Bg5 Re8 14. Nc3 c6
15. Qd6 Kf8 16. Re3 a5 17. Rae1 a4 18. Rxe7 Rxe7 19. Bxe7+ Kg8 20. Bxd8 h6 21.
Qg6 axb3 22. Re8# 1-0

[Event "Magyar korcsoporos bajnokság 16 fiú"]
[Site "Szolnok"]
[Date "2024.04.03"]
[Round "4.4"]
[White "Megyaszai, Balazs"]
[Black "Csernyik, Mark"]
[Result "0-1"]
[WhiteElo "2044"]
[BlackElo "2097"]
[PlyCount "84"]
[EventDate "2024.04.01"]
[EventType "swiss"]
[EventRounds "9"]
[EventCountry "HUN"]

1. e4 c5 2. Nf3 e6 3. d4 cxd4 4. Nxd4 Nf6 5. Nc3 Nc6 6. Ndb5 Bb4 7. a3 Bxc3+ 8.
Nxc3 d5 9. exd5 exd5 10. Bd3 O-O 11. O-O Bg4 12. f3 Bh5 13. Ne2 Qb6+ 14. Kh1
Bg6 15. Nf4 Bxd3 16. Nxd3 d4 17. Nf4 Rfe8 18. b3 Qc7 19. Bd2 Rad8 20. Re1 Ne7
21. Nd3 Ned5 22. Rc1 Nc3 23. Bxc3 Qxc3 24. Rxe8+ Rxe8 25. Nf4 Qe3 26. Nd3 Nd5
27. Qe1 Rc8 28. Qxe3 Nxe3 29. Ne1 b5 30. Kg1 a5 31. Kf2 Rc3 32. Ke2 a4 33. bxa4
bxa4 34. Rb1 g6 35. Rb4 Nxc2 36. Nxc2 d3+ 37. Kd2 dxc2 38. Kc1 Rxa3 39. g4 Rxf3
40. Rxa4 Rh3 41. Kxc2 Rxh2+ 42. Kd3 Rh4 0-1

[Event "Magyar korcsoporos bajnokság 16 fiú"]
[Site "Szolnok"]
[Date "2024.04.05"]
[Round "8.3"]
[White "Szegedy, Matyas"]
[Black "Apro, Barnabas"]
[Result "1-0"]
[WhiteElo "2188"]
[BlackElo "2052"]
[PlyCount "83"]
[EventDate "2024.04.01"]
[EventType "swiss"]
[EventRounds "9"]
[EventCountry "HUN"]

1. e4 c5 2. Nf3 d6 3. Bb5+ Bd7 4. Bxd7+ Qxd7 5. O-O Nc6 6. c4 Nf6 7. Nc3 g6 8.
d3 Bg7 9. Ne1 a6 10. Nc2 O-O 11. a4 Qd8 12. f4 Nd7 13. Kh1 Nd4 14. Ne3 f5 15.
Bd2 e6 16. g4 b5 17. cxb5 axb5 18. Nxb5 Nxb5 19. axb5 Rxa1 20. Qxa1 Qa8 21.
Qxa8 Rxa8 22. gxf5 exf5 23. exf5 Rb8 24. fxg6 hxg6 25. Bc3 Rxb5 26. Kg2 Nb6 27.
Ra1 Bd4 28. Kf3 Bxe3 29. Kxe3 d5 30. d4 Nc4+ 31. Kd3 cxd4 32. Kxd4 Kf7 33. b4
Kf6 34. Ra8 Kf5 35. Rf8+ Kg4 36. Rf6 g5 37. fxg5 Kxg5 38. Rc6 Na3 39. Rc5 Nc2+
40. Ke5 Rb8 41. Bd2+ Kg6 42. Rxc2 1-0

[Event "Magyar korcsoporos bajnokság 16 lány"]
[Site "Szolnok"]
[Date "2024.04.03"]
[Round "3.2"]
[White "Karacsonyi, Luca"]
[Black "Toth, Timea"]
[Result "1-0"]
[WhiteElo "1975"]
[BlackElo "1736"]
[PlyCount "41"]
[EventDate "2024.04.01"]
[EventType "tourn"]
[EventRounds "7"]
[EventCountry "HUN"]

1. e4 c5 2. c3 d5 3. exd5 Qxd5 4. d4 Nf6 5. Nf3 g6 6. Be3 Ng4 7. Nbd2 Bg7 8.
Bc4 Nxe3 9. fxe3 Qc6 10. O-O O-O 11. Ng5 Bf6 12. Nge4 b5 13. Nxf6+ exf6 14. Be2
Qb6 15. Bf3 Nc6 16. Ne4 cxd4 17. Nxf6+ Kg7 18. Bxc6 Qxc6 19. Qxd4 Bb7 20. Ne8+
Kh6 21. Qh4# 1-0

[Event "Magyar korcsoporos bajnokság 16 lány"]
[Site "Szolnok"]
[Date "2024.04.03"]
[Round "4.4"]
[White "Beznicza, Mira"]
[Black "Karacsonyi, Luca"]
[Result "0-1"]
[WhiteElo "1819"]
[BlackElo "1975"]
[PlyCount "28"]
[EventDate "2024.04.01"]
[EventType "tourn"]
[EventRounds "7"]
[EventCountry "HUN"]

1. e4 e5 2. Nf3 Nc6 3. Bb5 a6 4. Bxc6 dxc6 5. O-O Bg4 6. h3 Bh5 7. g4 Bg6 8.
Nxe5 Bd6 9. Nc4 h5 10. e5 Bc5 11. e6 Qh4 12. Kg2 Be4+ 13. Kh2 hxg4 14. exf7+
Kf8 0-1

[Event "Magyar korcsoporos bajnokság 16 lány"]
[Site "Szolnok"]
[Date "2024.04.05"]
[Round "6.1"]
[White "Kovacs, Reka"]
[Black "Balazs, Sztella Anna"]
[Result "0-1"]
[WhiteElo "1885"]
[BlackElo "1805"]
[PlyCount "136"]
[EventDate "2024.04.01"]
[EventType "tourn"]
[EventRounds "7"]
[EventCountry "HUN"]

1. e4 c5 2. Nf3 Nc6 3. d4 cxd4 4. Nxd4 e5 5. Nb5 d6 6. N1c3 a6 7. Na3 Be6 8.
Nc4 Rb8 9. Bd3 Nf6 10. Bg5 Be7 11. Bxf6 Bxf6 12. Ne3 O-O 13. Ncd5 Bg5 14. h4
Bxe3 15. Nxe3 Qa5+ 16. c3 Rbd8 17. O-O Ne7 18. Qf3 d5 19. exd5 Nxd5 20. Nxd5
Bxd5 21. Qf5 g6 22. Qxe5 Qb6 23. Qe2 Rfe8 24. Qc2 Qf6 25. h5 Qg5 26. f4 Qxh5
27. c4 Bc6 28. f5 Bxg2 29. fxg6 hxg6 30. Qxg2 Rxd3 31. Rae1 Rde3 32. Rxe3 Rxe3
33. b3 Qh4 34. Rf3 Re5 35. Rg3 Re1+ 36. Kf2 Qe4 37. Qxe4 Rxe4 38. Rd3 Re7 39.
c5 f5 40. c6 Kf7 41. Rc3 bxc6 42. Rxc6 Re6 43. Rc5 Kf6 44. b4 Rb6 45. a4 Rxb4
46. Rc6+ Kg5 47. Rxa6 Rb2+ 48. Kf3 Ra2 49. a5 Ra3+ 50. Kf2 f4 51. Kg2 Kf5 52.
Ra8 g5 53. a6 Kg4 54. a7 f3+ 55. Kf2 Ra2+ 56. Ke3 Kg3 57. Rg8 Ra3+ 58. Ke4 f2
59. Rxg5+ Kh2 60. Rf5 Kg2 61. Rg5+ Kf1 62. Rb5 Rxa7 63. Kf3 Ra3+ 64. Kf4 Rd3
65. Re5 Kg2 66. Rg5+ Kh2 67. Rh5+ Rh3 68. Kg4 Rxh5 0-1

[Event "Magyar korcsoporos bajnokság 18 fiú"]
[Site "Szolnok"]
[Date "2024.04.06"]
[Round "7.2"]
[White "Gulacsi, Donat Ferenc"]
[Black "Kocsmar, Akos"]
[Result "0-1"]
[WhiteElo "1940"]
[BlackElo "2047"]
[PlyCount "102"]
[EventDate "2024.04.01"]
[EventType "swiss"]
[EventRounds "7"]
[EventCountry "HUN"]

1. e4 c5 2. Ne2 Nf6 3. e5 Nd5 4. Nbc3 Nb6 5. d4 cxd4 6. Nxd4 Nc6 7. Bf4 g6 8.
Be2 Bg7 9. Nxc6 bxc6 10. Qd2 f6 11. Bh6 Bxh6 12. Qxh6 Kf7 13. f4 d5 14. O-O-O
Qf8 15. Qxf8+ Rxf8 16. exf6 exf6 17. g4 Re8 18. g5 Bf5 19. Ba6 Re7 20. Rhe1
Rae8 21. Rxe7+ Rxe7 22. Kd2 Nd7 23. Bc8 Nc5 24. Bxf5 gxf5 25. gxf6 Kxf6 26. Rg1
Ne4+ 27. Nxe4+ Rxe4 28. Rf1 Kg6 29. Rf3 Kh5 30. Rh3+ Kg4 31. Rxh7 Rxf4 32. Rxa7
Rf2+ 33. Kd3 Rxh2 34. Ra6 Rh6 35. b4 f4 36. b5 Rh3+ 37. Kd4 cxb5 38. Rg6+ Kf3
39. Kxd5 Rh2 40. Rc6 Rg2 41. Rc3+ Kg4 42. Rc8 f3 43. c4 Rd2+ 44. Kc5 bxc4 45.
Rg8+ Kh3 46. Rh8+ Kg2 47. Rg8+ Kf1 48. Kxc4 Rxa2 49. Kd3 f2 50. Re8 Ra3+ 51.
Kd2 Kg2 0-1

[Event "Magyar korcsoporos bajnokság 18 lány"]
[Site "Szolnok"]
[Date "2024.04.05"]
[Round "4.1"]
[White "Sipos, Stefania"]
[Black "Alexandrova, Angelina"]
[Result "1-0"]
[WhiteElo "1855"]
[BlackElo "1806"]
[PlyCount "49"]
[EventDate "2024.04.01"]
[EventType "tourn"]
[EventRounds "5"]
[EventCountry "HUN"]

1. e4 e6 2. d4 d5 3. Nc3 Bb4 4. e5 c5 5. a3 Bxc3+ 6. bxc3 Ne7 7. h4 Qc7 8. h5
h6 9. Rb1 Nbc6 10. Qg4 Kf8 11. Rh3 Nf5 12. Qf4 b6 13. g4 Nfe7 14. Rf3 Nd8 15.
Bd3 c4 16. Bf1 Bd7 17. Bh3 Ba4 18. Kd1 Ke8 19. Qg3 Kd7 20. g5 hxg5 21. Bxg5
Rxh5 22. Bxe7 Kxe7 23. Qxg7 Qc6 24. Ne2 Qe8 25. Nf4 1-0